Statistics for Grishaverse A-Z

Click here to take the quiz!

General Stats

  • This quiz has been taken 484 times
  • The average score is 17 of 25

Answer Stats

LetterClueAnswer% Correct
AThe Sun SummonerAlina Starkov
99%
JSharpshooter and gamblerJesper Fahey
93%
GTalented tailorGenya Safin
91%
NHow the dregs say "good luck"No mourners, no funerals
88%
PKaz's arch nemesisPekka Rollins
86%
VSurname of Jan, Alys and WylanVan Eck
86%
WNickname of InejWraith
84%
LRavka's royal familyLantsov
82%
KGrisha garmentKefta
81%
HKerch prisonHellgate
79%
DFjerda's godDjel
78%
FGrisha who works with metalFabrikator
75%
CDregs' gambling denCrow Club
73%
BCreator of jurda paremBo Yul-Bayur
71%
TOwner of the MenagerieTante Heleen
69%
EThe Order of SummonersEtherealki
67%
ICreator of three amplifiersIlya Morozova
63%
UAlso called the Shadow FoldUnsea
62%
RKaz's real surnameRietveld
58%
MRavkan word for magic or abominationMerzost
47%
SKaz and Inej's residenceSlat
46%
OBlack Tip member who lost an eyeOomen
45%
YMonk who worships the Starless SaintYuri Vedenen
44%
ZAnother word for GrishaZowa
40%
QDisease also called firepoxQueen's Lady Plague
20%

Score Distribution

Percentile by Number Answered

Percent of People with Each Score

Your Score History

You have not taken this quiz